The Kardashians - Statistics

General Stats
  • This quiz has been taken 1,625 times
  • The average score is 11 of 14
Answer Stats
Hint Answer % Correct
Kim Kardashian
100%
Khloe Kardashian
98%
Kylie Jenner
98%
Kendall Jenner
97%
Kris Jenner
97%
Kourtney Kardashian
96%
Caitlyn Jenner
89%
Rob Kardashian
88%
Scott Disick
81%
Mason Disick
69%
Penelope Disick
67%
Reign Disick
53%
Kanye West
51%
North West
49%
No matching quizzes found
Score Distribution
Percent of People with Each Score
Percentile by Number Answered
Your Score History
You have not taken this quiz